000
00268nam a2200109Ia 4500
008
190216s9999||||xx |||||||||||||| ||und||
100
_a
Girish Chandra
245
0
_a
Objective Guide For Clerks Exams 1985
260
_b
Upper India
650
_a
References
942
_c
REF
999
_c
35671
_d
35671